Bowlers Who Have Taken 9 Wickets in a Test Innings (cricket) - Statistics

General Stats
  • This quiz has been taken 197 times
  • The average score is 8 of 18
Answer Stats
Season For Answer % Correct
1998-99 10-74 Ind Anil Kumble
86%
2001-02 9-51 SL Muttiah Muralitharan
84%
1998 9-65 SL Muttiah Muralitharan
84%
1956 10-53 Eng Jim Laker
79%
1956 9-37 Eng Jim Laker
78%
1985-86 9-52 NZ Richard Hadlee
68%
2014-15 9-127 SL Rangana Herath
67%
1983-84 9-83 Ind Kapil Dev
64%
1994 9-57 Eng Devon Malcolm
43%
1978-79 9-86 Pak Sarfraz Nawaz
31%
1913-14 9-103 Eng Syd Barnes
29%
1895-96 9-28 Eng George Lohmann
20%
1956-57 9-113 SA Hugh Tayfield
19%
1987-88 9-56 Pak Abdul Qadir
14%
1959-60 9-69 Ind Jasubhai Patel
14%
1920-21 9-121 Aus Arthur Mailey
13%
1970-71 9-95 WI Jack Noreiga
10%
1958-59 9-102 Ind Subhash Gupte
9%
No matching quizzes found
Score Distribution
Percent of People with Each Score
Percentile by Number Answered
Your Score History
You have not taken this quiz